La ley de Parkinson y otros ensayos / (Record no. 116290)

MARC details
000 -LEADER
campo de control de longitud fija 00784nam a2200229 i 4500
001 - NÚMERO DE CONTROL
campo de control 116290
003 - IDENTIFICADOR DE NÚMERO DE CONTROL
campo de control ES-MaACL
005 - FECHA Y HORA DE LA ÚLTIMA TRANSACCIÓN
campo de control 20251001145316.0
007 - CAMPO FIJO DE DESCRIPCIÓN FÍSICA--INFORMACIÓN GENERAL
campo de control de longitud fija t|
008 - DATOS DE LONGITUD FIJA--INFORMACIÓN GENERAL
campo de control de longitud fija 061121s1974 sp a |||| | spa d
080 ## - NÚMERO DE LA CLASIFICACIÓN DECIMAL UNIVERSAL
Número de la Clasificación Decimal Universal 65.012(089.3)
100 1# - ENTRADA PRINCIPAL--NOMBRE DE PERSONA
Nombre de persona Parkinson, C. Northcote.
9 (RLIN) 89190
245 13 - MENCIÓN DEL TÍTULO
Título La ley de Parkinson y otros ensayos /
Mención de responsabilidad, etc. Northcote C. Parkinson ; ilustraciones de Robert C. Osborn ; [traducción de Jaime Gras].
250 ## - MENCION DE EDICION
Mención de edición 11ª ed.
260 ## - PUBLICACIÓN, DISTRIBUCIÓN, ETC.
Lugar de publicación, distribución, etc. Esplugues de Llobregat :
Nombre del editor, distribuidor, etc. Ariel,
Fecha de publicación, distribución, etc. 1974.
300 ## - DESCRIPCIÓN FÍSICA
Extensión 158 p. :
Otras características físicas il. ;
Dimensiones 22 cm.
650 #4 - PUNTO DE ACCESO ADICIONAL DE MATERIA--TÉRMINO DE MATERIA
Término de materia o nombre geográfico como elemento de entrada Gestión de empresas-
Subdivisión de forma Obras satíricas y humorísticas.
9 (RLIN) 161403
700 1# - ENTRADA AGREGADA--NOMBRE PERSONAL
Nombre de persona Osborn, Robert Chesley,
Fechas asociadas al nombre 1904-1994
9 (RLIN) 162093
700 1# - ENTRADA AGREGADA--NOMBRE PERSONAL
Nombre de persona Gras, Jaime.
9 (RLIN) 59678
852 ## - LOCALIZACIÓN
Ubicación ES-MaACL
Número de control de estantería E-5633
Holdings
Estatus retirado Estado de pérdida Estado de daño No para préstamo Biblioteca de origen Biblioteca actual Ubicación en estantería Fecha de adquisición Fuente de adquisición Total de préstamos Signatura topográfica completa Código de barras Visto por última vez Precio de reemplazo Tipo de ítem Koha
        Biblioteca del Ateneo de Madrid Biblioteca del Ateneo de Madrid Depósito 2 17/01/2008     E-5633 1121266 23/02/2023 23/02/2023 Libro impreso